CECIL ESSENTIALS OF MEDICINE / (Record no. 794726)

MARC details
000 -LEADER
fixed length control field 00504pam a2200193 a 4500
020 ## - INTERNATIONAL STANDARD BOOK NUMBER
International Standard Book Number 0721601472
Terms of availability 1250.00
041 ## - LANGUAGE CODE
Language code of text/sound track or separate title eng
Language code of original NULL
082 ## - DEWEY DECIMAL CLASSIFICATION NUMBER
Classification number 616
Item number AND/CAR
100 ## - MAIN ENTRY--PERSONAL NAME
Personal name ANDREOLI, T .
245 ## - TITLE STATEMENT
Title CECIL ESSENTIALS OF MEDICINE /
Statement of responsibility, etc. NULL.
Medium Textual Documents
260 ## - PUBLICATION, DISTRIBUTION, ETC.
Place of publication, distribution, etc. NULL :
Name of publisher, distributor, etc. ELSEVIER ,
Date of publication, distribution, etc. 2004.
300 ## - PHYSICAL DESCRIPTION
Extent 1184 :
Other physical details XXV ;
Dimensions A4 .
365 ## - TRADE PRICE
Price type code 1250.00
650 ## - SUBJECT ADDED ENTRY--TOPICAL TERM
Topical term or geographic name entry element GEN.MEDICINE
700 ## - ADDED ENTRY--PERSONAL NAME
Personal name CARPEUTER, C .
907 ## - LOCAL DATA ELEMENT G, LDG (RLIN)
a 0974
-- 0975
-- 2081
930 ## - EQUIVALENCE OR CROSS-REFERENCE-UNIFORM TITLE HEADING [LOCAL, CANADA]
Uniform title 190
Holdings
Withdrawn status Lost status Damaged status Not for loan Home library Current library Date acquired Source of acquisition Cost, normal purchase price Total Checkouts Full call number Barcode Date last seen Copy number Price effective from Koha item type Date due Date last checked out
        Medical College & Hospital, Sangli Medical College & Hospital, Sangli 28/11/2011 1250.00   616 AND/CAR MCS-2081 26/07/2023 4 26/07/2023 Book    
        Medical College & Hospital, Sangli Medical College & Hospital, Sangli 28/11/2011 1250.00   616 AND/CAR MCS-0975 26/07/2023 3 26/07/2023 Book    
        Medical College & Hospital, Sangli Medical College & Hospital, Sangli 28/11/2011 1250.00 2 616 AND/CAR MCS-0974 10/11/2023 2 26/07/2023 Book 31/12/2050 10/11/2023
        Medical College & Hospital, Sangli Medical College & Hospital, Sangli 28/11/2011 1250.00   616 AND/CAR MCS-0973 26/07/2023 1 26/07/2023 Book